Normal view MARC view
  • Alejandra,

Entry Nombre Personal

Number of records used in: 1

001 - NUMERO DE CONTROL

  • campo de control: 45856

003 - IDENTIFICADOR DE NUMERO DE CONTROL

  • campo de control: UPN

005 - FECHA Y HORA DE LA ÜLTIMA TRANSACCIÓN

  • campo de control: 20220818160527.0

008 - DATOS DE LONGITUD FIJA

  • campo de control de longitud fija: 220127nn acannaabn n aaa d

040 ## - FUENTE DE CATALOGACIÓN

  • Agencia original de catalogación: UPN

100 0# - ENCABEZAMIENTO - NOMBRE PERSONAL

  • Nombre personal: Alejandra,
  • Títulos u otras palabras asociadas al nombre: Emperatriz, consorte de Nicolás II, Emperador de Rusia,
  • Fechas asociadas con el nombre: 1872-1918

670 ## - FUENTE EN LA QUE SE LOCALIZARON DATOS

  • Cita de la fuente: LC
  • Información localizada: Alexandra, Empress, consort of Nicholas II, Emperor of Russia, 1872-1918

902 ## - CATALOGADOR

  • Catalogador: CAA/180822